Dinámica de las comunidades ecológicas / (Record no. 59730)

MARC details
000 -LEADER
campo de control de longitud fija 00720nam a2200193 i 4500
001 - NÚMERO DE CONTROL
campo de control 59730
003 - IDENTIFICADOR DE NÚMERO DE CONTROL
campo de control ES-MaACL
007 - CAMPO FIJO DE DESCRIPCIÓN FÍSICA--INFORMACIÓN GENERAL
campo de control de longitud fija t|
008 - DATOS DE LONGITUD FIJA--INFORMACIÓN GENERAL
campo de control de longitud fija 031030s1983 mx ||||1| spa d
100 1# - ENTRADA PRINCIPAL--NOMBRE DE PERSONA
Nombre de persona Equihua Zamora, Miguel.
9 (RLIN) 47339
245 10 - MENCIÓN DEL TÍTULO
Título Dinámica de las comunidades ecológicas /
Mención de responsabilidad, etc. Miguel Equihua Zamora, Griselda Benítez Badillo.
260 ## - PUBLICACIÓN, DISTRIBUCIÓN, ETC.
Lugar de publicación, distribución, etc. México :
Nombre del editor, distribuidor, etc. Trillas,
Fecha de publicación, distribución, etc. [1983]
300 ## - DESCRIPCIÓN FÍSICA
Extensión 120 p. :
Otras características físicas il. ;
Dimensiones 23 cm.
490 1# - MENCIÓN DE SERIE
Mención de serie El universo de la biología. Area: conceptual. Ecología y biogeografía
700 1# - ENTRADA AGREGADA--NOMBRE PERSONAL
Nombre de persona Benítez Badillo, Griselda.
9 (RLIN) 27617
830 0# - PUNTO DE ACCESO ADICIONAL DE SERIE-TÍTULO UNIFORME
Título uniforme El universo de la biología. Area: conceptual. Ecología y biogeografía
9 (RLIN) 230531
852 ## - LOCALIZACIÓN
Ubicación ES-MaACL
Número de control de estantería L-7295
Sublocalización o colección R.107905
Holdings
Estatus retirado Estado de pérdida Estado de daño No para préstamo Biblioteca de origen Biblioteca actual Ubicación en estantería Fecha de adquisición Fuente de adquisición Total de préstamos Signatura topográfica completa Código de barras Visto por última vez Precio de reemplazo Tipo de ítem Koha
        Biblioteca del Ateneo de Madrid Biblioteca del Ateneo de Madrid Depósito 2 17/01/2008     L-7295 1062648 23/02/2023 23/02/2023 Libro impreso